BIBLIOTHÈQUE DE LA MAISON DU MEXIQUE

Logo 1 Logo 2

Historia de la nación chichimeca (Registro nro. 11430)

Detalles MARC
000 -Sello discográfico
campo de control de longitud fija 01050nam a2200337 4500
005 - Identificación de versión
campo de control 20251017062827.0
010 ## - Número Estándar Internacional de Libros (ISBN)
Número (ISBN) 84-85229-68-1
035 ## - Otros números de control del sistema
Número de control del sistema 17655
099 ## - fechas locales
Tipo de ítem Koha LIBRO
100 ## - Datos de procesamiento general
Datos de procesamiento general 20040602d1985 m y1spay5003 ba
105 ## - Campo de datos codificados: Material textual, monográfico
Datos codificados de monografía y 001zy
200 1# - Título y mención de responsabilidad
Título propio Historia de la nación chichimeca
Designación general del material texto impreso
Primer mención de responsabilidad Fernando de Alva Ixtlilxóchitl
Declaración de responsabilidad subsiguiente edición Germán Vázquez
205 ## - Declaración de edición
Declaración de edición 1a ed
210 ## - Publicación, distribución, etc.
Lugar de publicación, distribución, etc. Madrid
Nombre del editor, distribuidor, etc. Historia 16
Fecha de publicación, distribución, etc. 1985
215 ## - Descripción física
Designación de material específico y extensión del ítem 455 p
Dimensiones 23 cm
345 ## - Nota de información de adquisición
Fuente de adquisición/dirección de la suscripción [OBSOLETO] Donación
410 #1 - Series
Título Crónicas de América
Número de volumen 11
606 ## - Término temático usado como materia
Elemento de entrada Indios de México
Número Koha 239
607 ## - Nombre geográfico utilizado como tema
Elemento de entrada México
Subdivisión temática Historia
Subdivisión cronológica Conquista, 1519-1540
Número Koha 453
607 ## - Nombre geográfico utilizado como tema
Elemento de entrada México
Subdivisión temática Historia
Subdivisión cronológica Hasta 1519
Número Koha 127
660 ## - Código de área geográfica
Código MX
700 ## - Nombre personal - Responsabilidad primaria
Elemento de entrada Alva Ixtlilxóchitl
Parte del nombre distinta del elemento de entrada Fernando de
Fechas ca. 1572?-1650
Número Koha 5810
702 ## - Nombre personal - Responsabilidad secundaria
Elemento de entrada Vázquez Chamorro
Parte del nombre distinta del elemento de entrada Germán
Fechas 1955-
Número Koha 16638
801 #0 - Fuente de origen
Agencia cm
900 ## -
-- 1/7525
900 ## -
-- 7100419290\020604
942 ## - ELEMENTOS DE ENTRADA SECUNDARIOS (KOHA)
Tipo de ítem Koha Libro
996 ## -
-- MEX
-- 751145101
-- MMAG
-- 007086
-- 970.2 A472H
-- 20221128LIV
Existencias
Estatus retirado Estado de daño Estado de pérdida Fecha de adquisición Biblioteca de origen Biblioteca actual Ubicación en estantería Código de barras Precio de reemplazo Signatura topográfica completa No para préstamo Tipo de ítem Koha Nota pública Nota no pública
      05/08/2025 Casa México Paris Casa México Paris   007086 05/08/2025 970.2 A472H   Libro 20221128LIV 751145101